[Event "Sparkassen-Open A"]
[Site "Heusenstamm, Martinsee"]
[Date "2017.11.25"]
[Round "5.82"]
[White "Bastian, Ben"]
[Black "Schmitt, Carsten"]
[Result "0-1"]
[WhiteElo "1675"]
[BlackElo "1962"]
[PlyCount "46"]
[EventDate "2017.??.??"]
[WhiteTeam "SC Herborn"]
[BlackTeam "SV Bergwinkel"]

1. d4 d5 2. c4 e6 3. Nc3 c5 4. dxc5 d4 5. Ne4 Bxc5 6. Nxc5 Qa5+ 7. Bd2 Qxc5 8.
e3 e5 9. b4 Qe7 10. a3 Nf6 11. Bd3 e4 12. Bc2 Bg4 13. Qc1 d3 14. Bd1 Qe6 15. f3
Bf5 16. c5 O-O 17. Qb2 Nbd7 18. Bb3 Qe7 19. f4 Rac8 20. Rc1 Rfd8 21. h3 Nh5 22.
g4 Qh4+ 23. Kf1 Ng3+ 0-1

[Event "Sparkassen-Open A"]
[Site "Heusenstamm, Martinsee"]
[Date "2017.11.25"]
[Round "5.83"]
[White "Prill, Gerhard"]
[Black "Browning, Rebecca"]
[Result "1/2-1/2"]
[WhiteElo "1960"]
[BlackElo "1830"]
[PlyCount "33"]
[EventDate "2017.??.??"]
[WhiteTeam "SC Heitersheim"]
[BlackTeam "SG Porz"]

1. e4 e6 2. d4 d5 3. Nc3 Nf6 4. Bg5 dxe4 5. Nxe4 Nbd7 6. g3 h6 7. Bxf6 Nxf6 8.
Bg2 Be7 9. Ne2 O-O 10. O-O Rb8 11. Qd3 b6 12. Rfd1 Bb7 13. N2c3 Nd5 14. Re1 Bf6
15. Nxf6+ Nxf6 16. Rad1 Bxg2 17. Kxg2 1/2-1/2

[Event "Sparkassen-Open A"]
[Site "Heusenstamm, Martinsee"]
[Date "2017.11.25"]
[Round "5.84"]
[White "Becker, Peter"]
[Black "Bayer, Martin"]
[Result "0-1"]
[WhiteElo "1952"]
[BlackElo "1760"]
[PlyCount "100"]
[EventDate "2017.??.??"]
[WhiteTeam "SF Schöneck"]
[BlackTeam "SK Gründau"]

1. f4 d5 2. e3 Nf6 3. Nf3 c5 4. Nc3 e6 5. b3 Be7 6. Bb5+ Nbd7 7. O-O O-O 8.
Bxd7 Bxd7 9. Ne5 Rc8 10. d3 Qc7 11. Bb2 d4 12. Ne4 Nxe4 13. Nxd7 Qxd7 14. dxe4
Rfd8 15. Qg4 Bf6 16. Rad1 e5 17. f5 Qb5 18. c4 dxc3 19. Rxd8+ Rxd8 20. Bxc3 Qd3
21. Be1 Qxe3+ 22. Bf2 Qc3 23. Bh4 Bxh4 24. Qxh4 f6 25. h3 Qe3+ 26. Kh2 b5 27.
Rf3 Qd4 28. Rg3 Qd6 29. Qg4 Qd7 30. h4 Qf7 31. h5 h6 32. Qe2 a6 33. Rg6 Rd4 34.
Qg4 Kf8 35. Qe2 Qb7 36. Rg4 c4 37. Qc2 Qc6 38. Qc3 Rxe4 39. Qb4+ Kf7 40. Rxe4
Qxe4 41. bxc4 Qxc4 42. Qd6 Qxa2 43. Qd7+ Kg8 44. Qc8+ Kh7 45. Qe8 Qc4 46. Qg6+
Kh8 47. Qe8+ Qg8 48. Qc6 Qf7 49. g4 Qa2+ 50. Kg3 b4 0-1

[Event "Sparkassen-Open A"]
[Site "Heusenstamm, Martinsee"]
[Date "2017.11.25"]
[Round "5.85"]
[White "Wolff, Michael"]
[Black "Köllner, Felicitas Ophelia"]
[Result "1/2-1/2"]
[WhiteElo "1951"]
[BlackElo "1766"]
[PlyCount "63"]
[EventDate "2017.??.??"]
[WhiteTeam "Ford SF Köln"]
[BlackTeam "SV Bergneustadt/Derschlag"]

1. e4 d6 2. d4 Nf6 3. Nc3 e5 4. Nf3 Nbd7 5. Bc4 Be7 6. O-O O-O 7. h3 c6 8. a4
a5 9. Bb3 Qc7 10. Re1 h6 11. Be3 Re8 12. Qd2 Bf8 13. dxe5 dxe5 14. Qe2 Nc5 15.
Nd2 Nxb3 16. Nxb3 Be6 17. Nc5 Bxc5 18. Bxc5 Rad8 19. Rad1 Rxd1 20. Rxd1 Rd8 21.
Be3 Rxd1+ 22. Qxd1 Qd7 23. Qf3 Qd6 24. Bxh6 gxh6 25. Qxf6 Qd2 26. Kh2 Qxc2 27.
Qxh6 Qxb2 28. Qg5+ Kf8 29. h4 Qxf2 30. Qd8+ Kg7 31. Qg5+ Kf8 32. Qd8+ 1/2-1/2

[Event "Sparkassen-Open A"]
[Site "Heusenstamm, Martinsee"]
[Date "2017.11.25"]
[Round "5.86"]
[White "Foerster-Yialamas, Lucas"]
[Black "Degenhardt, Andreas"]
[Result "0-1"]
[WhiteElo "1825"]
[BlackElo "1775"]
[PlyCount "114"]
[EventDate "2017.??.??"]
[WhiteTeam "SK Frankenthal"]
[BlackTeam "SC Lorsch"]

1. e4 c6 2. d4 d5 3. exd5 cxd5 4. c4 Nf6 5. Nc3 e6 6. Nf3 Bb4 7. Bg5 O-O 8. Rc1
Nc6 9. Bd3 dxc4 10. Bxc4 a6 11. O-O Be7 12. Re1 b6 13. a3 Bb7 14. Ba2 Rc8 15.
Bb1 Nd5 16. Qd3 g6 17. Bh6 Re8 18. Ba2 Nxc3 19. Rxc3 Bf6 20. Be3 Qe7 21. Rcc1
Qd7 22. Red1 Red8 23. Qb3 b5 24. Qd3 Ne7 25. Rxc8 Rxc8 26. Ne5 Qc7 27. Ng4 Bg7
28. Nh6+ Bxh6 29. Bxh6 Nf5 30. Be3 Qc2 31. h3 Nxe3 32. Bb3 Qxb2 33. Qxe3 Rc3
34. Rd3 Qb1+ 35. Rd1 Qxb3 36. Qd2 Qxa3 37. Qf4 Rc8 38. Kh2 Qc3 39. Kh1 Qxh3+
40. Qh2 Bxg2+ 41. Kg1 Qxh2+ 42. Kxh2 Bb7 43. Kg3 Rc3+ 44. Kf4 b4 45. Ke5 b3 46.
f4 Kg7 47. f5 exf5 48. d5 Rc5 49. Kf4 Bxd5 50. Kg5 Rc4 51. Rd4 h6+ 52. Kf4
Rxd4+ 53. Ke5 b2 54. Kd6 b1=Q 55. Ke7 Qb7+ 56. Kd6 Qc6+ 57. Ke5 Re4# 0-1

[Event "Sparkassen-Open A"]
[Site "Heusenstamm, Martinsee"]
[Date "2017.11.25"]
[Round "5.88"]
[White "Khamenya, Vitalia"]
[Black "Niedenthal, Robert"]
[Result "0-1"]
[WhiteElo "1913"]
[BlackElo "1717"]
[PlyCount "62"]
[EventDate "2017.??.??"]
[WhiteTeam "SK Gräfelfing"]
[BlackTeam "SV Hofheim"]

1. e4 d5 2. exd5 Nf6 3. d4 Bg4 4. f3 Bf5 5. c4 e6 6. Nc3 c6 7. dxe6 Bxe6 8. Be3
Bb4 9. Qb3 Qe7 10. Nge2 b5 11. a3 Bxc3+ 12. Qxc3 Bxc4 13. Bd2 Nd5 14. Qc1 O-O
15. Bc3 Re8 16. Qd2 Nxc3 17. bxc3 Nd7 18. Kf2 Rad8 19. Ng3 Bd5 20. Bd3 Qh4 21.
Rhe1 Nf6 22. Kg1 Be6 23. Ne4 g6 24. g3 Nxe4 25. Bxe4 Qh5 26. Bxc6 Rf8 27. Qf4
Rc8 28. Re5 Qh3 29. Bxb5 Bc4 30. Ba4 Rb8 31. Rc5 Rb2 0-1

[Event "Sparkassen-Open A"]
[Site "Heusenstamm, Martinsee"]
[Date "2017.11.25"]
[Round "5.89"]
[White "Poschadel, Andreas Gregor"]
[Black "Thomele, Michael"]
[Result "1/2-1/2"]
[WhiteElo "1477"]
[BlackElo "1901"]
[PlyCount "87"]
[EventDate "2017.??.??"]
[WhiteTeam "Hamelner SV"]
[BlackTeam "SC Obernau"]

1. e4 c5 2. Nf3 d6 3. Bb5+ Bd7 4. Bxd7+ Qxd7 5. O-O Nc6 6. a4 g6 7. Nc3 Bg7 8.
b3 Nf6 9. Re1 O-O 10. Bb2 e5 11. d3 Nh5 12. Nh4 Rac8 13. Nd5 Ne7 14. Nxe7+ Qxe7
15. Nf5 Qd7 16. Nxg7 Nxg7 17. f4 f6 18. Rf1 Rcd8 19. Qe2 a6 20. Rf2 Qe7 21.
Raf1 Rde8 22. f5 g5 23. h4 h6 24. hxg5 hxg5 25. Bc1 Qf7 26. g4 Rd8 27. Rh2 Qc7
28. Rf3 Kf7 29. Rfh3 Rg8 30. Rh7 Rdf8 31. R2h6 Ke8 32. Qh2 Rf7 33. Rg6 Kd7 34.
Bd2 Kc6 35. a5 Rgf8 36. Qh6 Ne8 37. Rh8 Qe7 38. Rgg8 Rxg8 39. Rxg8 Kd7 40. Kg2
Rh7 41. Qg6 Qf7 42. Qxf7+ Rxf7 43. Rh8 Nc7 44. c4 1/2-1/2

[Event "Sparkassen-Open A"]
[Site "Heusenstamm, Martinsee"]
[Date "2017.11.25"]
[Round "5.90"]
[White "Binner, Peter"]
[Black "Wolff, Peter"]
[Result "0-1"]
[WhiteElo "1788"]
[BlackElo "1906"]
[PlyCount "70"]
[EventDate "2017.??.??"]
[WhiteTeam "Vorw.Orient Mainz"]
[BlackTeam "VSG Offenbach"]

1. c4 c6 2. e4 d5 3. exd5 Nf6 4. Nc3 cxd5 5. d4 Nc6 6. Nf3 Bg4 7. Be2 e6 8. O-O
Be7 9. a3 dxc4 10. Qa4 O-O 11. Be3 Rc8 12. Rad1 Nd5 13. Qxc4 Na5 14. Qd3 Nxc3
15. bxc3 Bxa3 16. Ra1 Bb2 17. Ra4 Bf5 18. Qb5 Bxc3 19. Rc1 a6 20. Qe5 Nb3 21.
Rf1 Ba5 22. Rc4 Rxc4 23. Bxc4 Bc7 24. Bxb3 Bxe5 25. Nxe5 Qb6 26. Bc4 Qb4 27.
Be2 Be4 28. Nd7 Ra8 29. Nc5 Bd5 30. Bd3 Qa5 31. Rb1 b5 32. Ne4 Rc8 33. Bd2 Qa2
34. Be3 Qa3 35. Rd1 Qb3 0-1

[Event "Sparkassen-Open A"]
[Site "Heusenstamm, Martinsee"]
[Date "2017.11.25"]
[Round "5.91"]
[White "Tjahja, Deryl"]
[Black "Deutsch, Christoph"]
[Result "1/2-1/2"]
[WhiteElo "1904"]
[BlackElo "1788"]
[PlyCount "87"]
[EventDate "2017.??.??"]
[WhiteTeam "SGem Vaihingen-Rohr"]
[BlackTeam "SK Gründau"]

1. e4 e5 2. Nf3 Nc6 3. g3 Nf6 4. d3 Bc5 5. Bg2 d6 6. O-O O-O 7. Nbd2 h6 8. Nc4
Be6 9. Ne3 Qd7 10. Re1 a6 11. a3 Ba7 12. b3 Ng4 13. Nxg4 Bxg4 14. Be3 Nd4 15.
c3 Nxf3+ 16. Bxf3 Bxf3 17. Qxf3 Qb5 18. Bxa7 Rxa7 19. Reb1 Qc6 20. Qe3 Raa8 21.
c4 f5 22. Rf1 f4 23. Qf3 Rf6 24. g4 Qd7 25. Kh1 c6 26. Rg1 g5 27. h4 Kg7 28.
Kg2 d5 29. hxg5 hxg5 30. Rh1 dxe4 31. dxe4 Rg8 32. Rad1 Rd6 33. Rxd6 Qxd6 34.
Qh3 Qg6 35. Qd3 Qe6 36. Kf3 Kf7 37. Rd1 Ke7 38. Qc3 Rh8 39. Qb4+ Ke8 40. Qxb7
Rh3+ 41. Ke2 Qxg4+ 42. Kd2 Rd3+ 43. Kxd3 Qxd1+ 44. Kc3 1/2-1/2

[Event "Sparkassen-Open A"]
[Site "Heusenstamm, Martinsee"]
[Date "2017.11.25"]
[Round "5.92"]
[White "Marchese, Gaspare"]
[Black "Spelleken, Hans-Gerd"]
[Result "1-0"]
[WhiteElo "1899"]
[BlackElo "1784"]
[PlyCount "133"]
[EventDate "2017.??.??"]
[WhiteTeam "SC Matt im Park"]
[BlackTeam "SF Dettingen"]

1. e4 d5 2. exd5 Qxd5 3. Nc3 Qd8 4. d4 Nf6 5. Bc4 Bg4 6. f3 Bh5 7. Nge2 e6 8.
O-O Nc6 9. Re1 Bd6 10. d5 Ne5 11. Bb3 O-O 12. Be3 Bxf3 13. Rf1 Nfg4 14. Bf4
Bc5+ 15. Kh1 Nxh2 16. Bxe5 Nxf1 17. Qxf1 Qh4+ 18. Bh2 Bxe2 19. Nxe2 Bd6 20. Qg1
e5 21. Qe3 f5 22. Qh3 Qf2 23. Qf3 Qh4 24. Qg3 Qh5 25. Qf3 Qg5 26. Qg3 Qd2 27.
Qd3 Qg5 28. Qg3 Qe7 29. Rf1 Rf6 30. Qh4 Qf7 31. Ng3 Rh6 32. Rxf5 Rxh4 33. Rxf7
Kxf7 34. Nf5 Re4 35. Nxd6+ cxd6 36. Kg1 Rf8 37. c4 Re1+ 38. Kf2 Rc1 39. Ke2 Kg6
40. Bg3 Kg5 41. Bf2 Rb1 42. Be3+ Kg4 43. c5 Rxb2+ 44. Kd3 Rd8 45. Bd1+ Kf5 46.
Bf3 Rxa2 47. g4+ Kf6 48. g5+ Kf7 49. Bc1 Rc8 50. c6 b5 51. Bg4 Rc7 52. Be6+ Ke7
53. Bg8 Ra1 54. Bd2 Ra3+ 55. Ke2 a5 56. Bxh7 b4 57. Bf5 b3 58. Be3 Ra2+ 59. Kd3
a4 60. Bb6 Kd8 61. Kc3 Rf2 62. Bxf2 Rf7 63. Bb6+ Ke7 64. c7 Rxf5 65. c8=Q Rf3+
66. Kb2 e4 67. Qe6+ 1-0

[Event "Sparkassen-Open A"]
[Site "Heusenstamm, Martinsee"]
[Date "2017.11.25"]
[Round "5.93"]
[White "Haller, Luis"]
[Black "Hinrichs, Paul"]
[Result "0-1"]
[WhiteElo "1711"]
[BlackElo "1844"]
[PlyCount "82"]
[EventDate "2017.??.??"]
[WhiteTeam "SF Konz-Karthaus"]
[BlackTeam "SK Bingen"]

1. d4 d5 2. c4 c6 3. Nf3 Nf6 4. Nc3 e6 5. e3 Nbd7 6. Qc2 Bd6 7. Bd3 e5 8. dxe5
Nxe5 9. Nxe5 Bxe5 10. b3 O-O 11. Bb2 Be6 12. O-O-O Qe7 13. f4 dxc4 14. Bxc4 Bc7
15. Bxe6 Qxe6 16. Rhe1 Rad8 17. g3 Rxd1+ 18. Qxd1 Rd8 19. Qc2 c5 20. f5 Qe7 21.
e4 Ng4 22. Kb1 Bb8 23. Qe2 Qg5 24. h4 Qh5 25. Rg1 Nf6 26. Qxh5 Nxh5 27. g4 Ng3
28. Kc2 Be5 29. Re1 Kf8 30. Na4 Bxb2 31. Kxb2 b6 32. Kc2 h5 33. g5 Re8 34. Nc3
Nxf5 35. Kd2 Nxh4 36. Rh1 Nf3+ 37. Ke3 Nxg5 38. Rxh5 f6 39. Kf4 Kf7 40. Rh1
Ne6+ 41. Ke3 Nc7 0-1

[Event "Sparkassen-Open A"]
[Site "Heusenstamm, Martinsee"]
[Date "2017.11.25"]
[Round "5.94"]
[White "Laux, Dominik"]
[Black "Nickel, Jonas"]
[Result "1-0"]
[WhiteElo "1888"]
[BlackElo "1776"]
[PlyCount "39"]
[EventDate "2017.??.??"]
[WhiteTeam "VSG Offenbach"]
[BlackTeam "SG Wächtersbach"]

1. d4 d5 2. Bf4 Bf5 3. e3 e6 4. c4 c6 5. Nc3 Nf6 6. Qb3 Qb6 7. c5 Qxb3 8. axb3
Be7 9. Nf3 O-O 10. b4 Nh5 11. Bg3 Nxg3 12. hxg3 Nd7 13. b5 f6 14. Be2 e5 15.
O-O Rfb8 16. Ra2 cxb5 17. Nxb5 Rc8 18. Nxa7 Nxc5 19. Nxc8 Rxa2 20. Nxe7+ 1-0

[Event "Sparkassen-Open A"]
[Site "Heusenstamm, Martinsee"]
[Date "2017.11.25"]
[Round "5.95"]
[White "Büse, Ralf"]
[Black "Meyer, Marcel"]
[Result "1-0"]
[WhiteElo "1881"]
[BlackElo "1751"]
[PlyCount "48"]
[EventDate "2017.??.??"]
[WhiteTeam "SC Ladja Roßdorf"]
[BlackTeam "SC Herborn"]

1. d4 Nf6 2. Bf4 d5 3. e3 c5 4. c3 e6 5. Nd2 Nc6 6. Bd3 Bd6 7. Bxd6 Qxd6 8. f4
c4 9. Bc2 b5 10. Nh3 a5 11. O-O b4 12. e4 Nxe4 13. Bxe4 dxe4 14. Nxe4 Qd8 15.
Qa4 Bb7 16. Qb5 Qc7 17. Qxb7 Qxb7 18. Nd6+ Kd7 19. Nxb7 bxc3 20. bxc3 Rab8 21.
Rab1 Kc7 22. Nc5 Rxb1 23. Rxb1 Ne7 24. Rb7+ Kd6 1-0

[Event "Sparkassen-Open A"]
[Site "Heusenstamm, Martinsee"]
[Date "2017.11.25"]
[Round "5.96"]
[White "Wenzel, Calvin"]
[Black "Launert, Martin"]
[Result "1/2-1/2"]
[WhiteElo "1629"]
[BlackElo "1879"]
[PlyCount "75"]
[EventDate "2017.??.??"]
[WhiteTeam "SK Gernsheim"]
[BlackTeam "Sfr. Erbach"]

1. e4 e5 2. Nf3 Nc6 3. d4 exd4 4. Bc4 Bc5 5. c3 d3 6. Qxd3 d6 7. O-O Nge7 8.
Bf4 O-O 9. Nbd2 h6 10. b4 Bb6 11. a4 a6 12. Ba2 Ng6 13. Bg3 Qf6 14. Qc2 Be6 15.
Nc4 Ba7 16. b5 Nce7 17. e5 dxe5 18. Ncxe5 Bf5 19. Qb2 axb5 20. axb5 Qb6 21. Nc4
Qc5 22. Nce5 Nxe5 23. Nxe5 Nd5 24. Bxd5 Qxd5 25. Rfd1 Qc5 26. Nd7 Bxd7 27. Rxd7
Bb6 28. Rxa8 Rxa8 29. h3 Qc4 30. Qd2 Ra1+ 31. Kh2 Qxb5 32. Rd8+ Kh7 33. Qf4 Qb1
34. Rd1 Qxd1 35. Qf5+ Kg8 36. Qc8+ Kh7 37. Qf5+ Kg8 38. Qc8+ 1/2-1/2

[Event "Sparkassen-Open A"]
[Site "Heusenstamm, Martinsee"]
[Date "2017.11.25"]
[Round "5.97"]
[White "Thomas, Tobias"]
[Black "Schmitt, Clemens"]
[Result "1-0"]
[WhiteElo "1879"]
[BlackElo "1713"]
[PlyCount "49"]
[EventDate "2017.??.??"]
[WhiteTeam "SK Langen"]
[BlackTeam "SV Bergwinkel"]

1. d4 Nf6 2. Nf3 g6 3. Nc3 d5 4. Bf4 Bg7 5. e3 O-O 6. Be2 e6 7. Ne5 c5 8. Qd2
cxd4 9. exd4 a6 10. h4 Nfd7 11. Nf3 f6 12. O-O-O Nc6 13. g4 b5 14. Rdg1 Bb7 15.
g5 f5 16. h5 Kf7 17. Nh4 Bxd4 18. Nf3 Rg8 19. Nxd4 e5 20. hxg6+ hxg6 21. Nxf5
gxf5 22. Qxd5+ Kf8 23. Rh7 Qe8 24. Bh5 Nd8 25. Qd6+ 1-0

[Event "Sparkassen-Open A"]
[Site "Heusenstamm, Martinsee"]
[Date "2017.11.25"]
[Round "5.98"]
[White "Reichel, Günther"]
[Black "Bittner, Peter"]
[Result "1-0"]
[WhiteElo "1740"]
[BlackElo "1877"]
[PlyCount "85"]
[EventDate "2017.??.??"]
[WhiteTeam "SC-SF Stockstadt"]
[BlackTeam "SC Nied"]

1. c4 e5 2. Nc3 Nf6 3. g3 c6 4. Bg2 d6 5. Nf3 Be7 6. O-O h6 7. d3 O-O 8. b4
Nbd7 9. Bb2 Qc7 10. Qc2 Rd8 11. b5 Nf8 12. Nd2 Bf5 13. a4 Ne6 14. Nb3 Rac8 15.
Qd2 Nd7 16. Ba3 Ndc5 17. Nxc5 Nxc5 18. Bxc5 dxc5 19. bxc6 bxc6 20. Ne4 Be6 21.
Rfb1 f5 22. Nc3 Bxc4 23. Qe3 Bf7 24. a5 Rd4 25. Na4 Bd5 26. Qc1 c4 27. Nc3 Bxg2
28. Kxg2 cxd3 29. exd3 Rxd3 30. a6 Qd8 31. Rb7 Bc5 32. Ra2 Qd4 33. Rc2 Bb6 34.
Qb2 f4 35. Qb3+ Kh8 36. Qe6 Rg8 37. Qxc6 f3+ 38. Kh3 h5 39. Ne4 Qd8 40. Qe6 Qe8
41. Re7 Qa4 42. Qg6 Rd6 43. Nxd6 1-0

[Event "Sparkassen-Open A"]
[Site "Heusenstamm, Martinsee"]
[Date "2017.11.25"]
[Round "5.99"]
[White "Altenbernd, Dirk"]
[Black "Riemann, Jonas"]
[Result "1-0"]
[WhiteElo "1875"]
[BlackElo "1717"]
[PlyCount "143"]
[EventDate "2017.??.??"]
[WhiteTeam "SK Tönsberg Oerlinghausen"]
[BlackTeam "SK Bickenbach"]

1. c4 e6 2. g3 d5 3. Bg2 Nf6 4. Nf3 Be7 5. O-O O-O 6. b3 b6 7. Bb2 Bb7 8. e3
Nbd7 9. Nc3 c5 10. d3 Rc8 11. Qe2 Rc7 12. Nb5 Rc8 13. Nxa7 Ra8 14. Nb5 Bc6 15.
a4 Qb8 16. Rfd1 Qb7 17. Ne5 Nxe5 18. Bxe5 Rfd8 19. Rd2 Ne8 20. Rda2 Bf6 21.
Bxf6 Nxf6 22. Nc3 Ra5 23. Rd1 Raa8 24. Rad2 d4 25. Bxc6 Qxc6 26. Nb5 e5 27. e4
Rd7 28. Ra2 Rdd8 29. Rda1 Ra5 30. Rf1 Qd7 31. Kg2 Raa8 32. h3 Qc6 33. Kh2 Rdc8
34. f4 Nd7 35. Qh5 Re8 36. f5 Nf6 37. Qf3 h6 38. g4 Kf8 39. Qg3 Nd7 40. g5 h5
41. Qh4 Ke7 42. f6+ gxf6 43. gxf6+ Kd8 44. Qxh5 Rf8 45. Rg2 Kc8 46. Qf5 Kb7 47.
Rg7 Rae8 48. Qg5 Qe6 49. Rf5 Qc6 50. h4 Re6 51. Rg8 Rxg8 52. Qxg8 Rxf6 53. Qg5
Rg6 54. Qe7 f6 55. Rh5 f5 56. Rxf5 Ka6 57. Rf7 Rh6 58. Rh7 Rxh7 59. Qxh7 Ka5
60. Qf5 Qh6 61. Qg5 Qf8 62. Qg3 Qf6 63. Kg2 Nf8 64. Nc7 b5 65. Nd5 Qe6 66. axb5
Qg6 67. Qxg6 Nxg6 68. h5 Nh4+ 69. Kh3 Nf3 70. b6 Ka6 71. Kg4 Ne1 72. h6 1-0

[Event "Sparkassen-Open A"]
[Site "Heusenstamm, Martinsee"]
[Date "2017.11.25"]
[Round "5.100"]
[White "Kail, Sindy"]
[Black "Bakiev, Diyor"]
[Result "1-0"]
[WhiteElo "1861"]
[BlackElo "1664"]
[PlyCount "53"]
[EventDate "2017.??.??"]
[WhiteTeam "SK Klingenberg"]
[BlackTeam "SV Ffm-Griesheim"]

1. e4 e5 2. Nf3 Nc6 3. d4 exd4 4. Bc4 Nf6 5. O-O d6 6. Ng5 d5 7. exd5 Nxd5 8.
Nxf7 Kxf7 9. Qh5+ g6 10. Bxd5+ Be6 11. Qf3+ Kg7 12. Bxe6 Qe8 13. Qh3 h6 14. Bf4
Qe7 15. Na3 a6 16. Rfe1 Re8 17. Bd2 Qd8 18. Bd7 Rxe1+ 19. Rxe1 Bc5 20. Bf4 g5
21. Bxc6 gxf4 22. Qg4+ Qg5 23. Qd7+ Kg6 24. Re6+ Kh5 25. Bf3+ Kh4 26. g3+ fxg3
27. Re4+ 1-0

[Event "Sparkassen-Open A"]
[Site "Heusenstamm, Martinsee"]
[Date "2017.11.25"]
[Round "5.101"]
[White "Heun, Andreas"]
[Black "Haack, Kevin"]
[Result "0-1"]
[WhiteElo "1713"]
[BlackElo "1859"]
[PlyCount "58"]
[EventDate "2017.??.??"]
[WhiteTeam "SC Ladja Roßdorf"]
[BlackTeam "SC Bad Soden"]

1. e4 c5 2. Nc3 e6 3. f4 d5 4. exd5 exd5 5. Bb5+ Bd7 6. Qe2+ Qe7 7. Nxd5 Bxb5
8. Qxe7+ Bxe7 9. Nc7+ Kd7 10. Nxb5 Nc6 11. Nf3 Re8 12. Kf2 a6 13. Nc3 Nb4 14.
Ne5+ Ke6 15. d3 Nxc2 16. Rb1 Bd6 17. Be3 Nxe3 18. Kxe3 Bxe5 19. fxe5 Kxe5 20.
b4 Kd6+ 21. Ne4+ Kc7 22. Kf3 cxb4 23. Rxb4 Ne7 24. Rc1+ Nc6 25. d4 Rd8 26. Ke3
Rd7 27. Rb3 Re8 28. Kf3 Kd8 29. Rxb7 Nxd4+ 0-1

[Event "Sparkassen-Open A"]
[Site "Heusenstamm, Martinsee"]
[Date "2017.11.25"]
[Round "5.102"]
[White "Völler, Lothar"]
[Black "Bajorski, Marius"]
[Result "0-1"]
[WhiteElo "1708"]
[BlackElo "1843"]
[PlyCount "116"]
[EventDate "2017.??.??"]
[WhiteTeam "FS Dortmund"]
[BlackTeam "SV Hofheim"]

1. c4 c5 2. g3 Nf6 3. Bg2 e6 4. Nc3 a6 5. e3 Qc7 6. Nge2 d6 7. O-O Be7 8. b3
Nbd7 9. Bb2 O-O 10. d4 Rb8 11. d5 exd5 12. Nxd5 Nxd5 13. Bxd5 Nf6 14. Nf4 Nxd5
15. Nxd5 Qd8 16. a4 b6 17. Qc2 Be6 18. e4 Bxd5 19. exd5 Bf6 20. Rfe1 Bxb2 21.
Qxb2 Re8 22. Qc3 Rb7 23. Rxe8+ Qxe8 24. Re1 Re7 25. Rxe7 Qxe7 26. a5 Qc7 27.
axb6 Qxb6 28. Qe3 Kf8 29. h4 Qb8 30. Kg2 Qe8 31. Qf4 Qd8 32. Qe4 g6 33. Qg4 h5
34. Qf4 Kg7 35. Qe3 Qd7 36. Qc3+ Kg8 37. Qa5 Qe7 38. Qxa6 Qe4+ 39. Kh2 Qe2 40.
Qc8+ Kg7 41. Qh3 Qxf2+ 42. Qg2 Qxg2+ 43. Kxg2 Kf6 44. Kf3 Ke5 45. Ke3 f6 46.
Kd3 g5 47. hxg5 fxg5 48. Ke3 h4 49. gxh4 gxh4 50. Kf3 Kd4 51. Kg4 Kc3 52. Kf5
h3 53. Ke6 h2 54. Kxd6 Kb4 55. Kc7 h1=Q 56. d6 Qd1 57. Kc6 Qd4 58. d7 Kxb3 0-1

[Event "Sparkassen-Open A"]
[Site "Heusenstamm, Martinsee"]
[Date "2017.11.25"]
[Round "5.103"]
[White "Ohler, Julius"]
[Black "Papadopoulos, Ioannis"]
[Result "0-1"]
[WhiteElo "1646"]
[BlackElo "1836"]
[PlyCount "122"]
[EventDate "2017.??.??"]
[WhiteTeam "SG Trier"]
[BlackTeam "SV Oberursel"]

1. c4 e5 2. Nc3 Nf6 3. e4 d6 4. g3 g6 5. Bg2 Bg7 6. d3 c5 7. Nge2 Nc6 8. O-O
O-O 9. f4 a6 10. a3 Rb8 11. Bd2 b5 12. Rb1 b4 13. axb4 Nxb4 14. Be3 Ng4 15. Bc1
f5 16. Nd5 Nxd5 17. cxd5 Bd7 18. h3 Nf6 19. Be3 Qc8 20. Kh2 Bb5 21. Nc3 fxe4
22. Nxb5 Rxb5 23. dxe4 exf4 24. Bxf4 Qb8 25. Qa4 Qb6 26. e5 dxe5 27. Bxe5 Rb4
28. Qc6 Qxc6 29. dxc6 Ng4+ 30. hxg4 Bxe5 31. Rxf8+ Kxf8 32. Rf1+ Kg7 33. Rc1
Bd6 34. Rxc5 Bxc5 35. c7 Bg1+ 36. Kxg1 Rc4 37. Bb7 Rxc7 38. Bxa6 Rc1+ 39. Kg2
Rc2+ 40. Kh3 Rxb2 41. g5 Rb3 42. Bc4 Rc3 43. Bd5 Rc5 44. Bb3 Rxg5 45. Kh4 Kf6
46. g4 Rb5 47. Bc2 Rb4 48. Kg3 Kg5 49. Bd1 Re4 50. Kg2 Rxg4+ 51. Bxg4 Kxg4 52.
Kh2 Kf3 53. Kg1 g5 54. Kh2 g4 55. Kg1 g3 56. Kf1 g2+ 57. Kg1 h6 58. Kh2 Kf2 59.
Kh3 g1=Q 60. Kh4 Qg5+ 61. Kh3 Qg3# 0-1

[Event "Sparkassen-Open A"]
[Site "Heusenstamm, Martinsee"]
[Date "2017.11.25"]
[Round "5.104"]
[White "Stolle, Hendrik"]
[Black "Fröhlich-Dill, Astrid"]
[Result "1/2-1/2"]
[WhiteElo "1578"]
[BlackElo "1830"]
[PlyCount "91"]
[EventDate "2017.??.??"]
[WhiteTeam "TG Biberach"]
[BlackTeam "SV Hofheim"]

1. e4 g6 2. Nf3 d6 3. d4 Bg7 4. Nc3 Bg4 5. Be3 Nd7 6. h3 Bxf3 7. Qxf3 Ngf6 8.
Bd3 O-O 9. O-O b6 10. Qe2 c5 11. f4 Nh5 12. Qf2 a6 13. a4 cxd4 14. Bxd4 Bxd4
15. Qxd4 Nxf4 16. Qe3 Nxd3 17. cxd3 e6 18. Rf3 Rc8 19. Raf1 Ne5 20. Rf6 Qc7 21.
Qg3 Qc5+ 22. Kh1 Qd4 23. h4 Nd7 24. R6f3 Rc5 25. R1f2 Rh5 26. Ne2 Qg7 27. Nf4
Rc5 28. Qh3 h5 29. Nxe6 fxe6 30. Qxe6+ Kh8 31. Rf7 Rc1+ 32. Kh2 Qe5+ 33. Qxe5+
dxe5 34. Rxf8+ Nxf8 35. Rxf8+ Kg7 36. Rb8 Rc6 37. b4 Kf7 38. Kg3 Ke7 39. Kf3
Rf6+ 40. Ke3 Kd7 41. d4 exd4+ 42. Kxd4 Kc7 43. Rg8 Kc6 44. Ke5 Rf2 45. Rxg6+
Kc7 46. Rg7+ 1/2-1/2

[Event "Sparkassen-Open A"]
[Site "Heusenstamm, Martinsee"]
[Date "2017.11.25"]
[Round "5.105"]
[White "Lehmann, Tim"]
[Black "Seepe, Uwe"]
[Result "1/2-1/2"]
[WhiteElo "1818"]
[BlackElo "1662"]
[PlyCount "32"]
[EventDate "2017.??.??"]
[WhiteTeam "SV Lahn Limburg"]
[BlackTeam "SV Königsspringer Lemgo"]

1. Nf3 d5 2. d4 Nf6 3. Bf4 e6 4. e3 b6 5. c3 Bd6 6. Bg3 O-O 7. Nbd2 Ba6 8. Bxa6
Nxa6 9. Qe2 Qc8 10. e4 dxe4 11. Nxe4 Nxe4 12. Qxe4 f5 13. Qd3 Rd8 14. O-O Bxg3
15. hxg3 Nc5 16. Qc2 Ne4 1/2-1/2

[Event "Sparkassen-Open A"]
[Site "Heusenstamm, Martinsee"]
[Date "2017.11.25"]
[Round "5.106"]
[White "Sallwey, Rainer"]
[Black "Rothermel, Tim"]
[Result "0-1"]
[WhiteElo "1436"]
[BlackElo "1756"]
[PlyCount "58"]
[EventDate "2017.??.??"]
[WhiteTeam "SK Langen"]
[BlackTeam "SK Langen"]

1. d4 Nf6 2. Nf3 c5 3. d5 d6 4. c4 b5 5. e3 bxc4 6. Bxc4 g6 7. O-O Bg7 8. Bb5+
Bd7 9. Bxd7+ Nbxd7 10. Nc3 O-O 11. e4 Rb8 12. Qc2 Qb6 13. Rb1 Rfc8 14. Be3 Ng4
15. Bd2 Nge5 16. Nxe5 Nxe5 17. b3 Qa6 18. Bg5 Rb7 19. Rbd1 c4 20. Qe2 Qa5 21.
Bd2 cxb3 22. axb3 Rxb3 23. Nb1 Qa2 24. Rfe1 Rc2 25. Qf1 Nc4 26. Bg5 Be5 27. Bh4
g5 28. Bg3 Bxg3 29. hxg3 Rbb2 0-1

[Event "Sparkassen-Open A"]
[Site "Heusenstamm, Martinsee"]
[Date "2017.11.25"]
[Round "5.107"]
[White "Rüll, Michael"]
[Black "Masoudi, Kian"]
[Result "1-0"]
[WhiteElo "1801"]
[BlackElo "1581"]
[PlyCount "79"]
[EventDate "2017.??.??"]
[WhiteTeam "SC Obertshausen"]
[BlackTeam "SC Bergen-Enkheim"]

1. d4 d5 2. Bf4 e6 3. e3 Bd6 4. Bg3 Bxg3 5. hxg3 Bd7 6. Bd3 h6 7. Nf3 Qe7 8.
Ne5 Qb4+ 9. Nd2 Nc6 10. a3 Qf8 11. Nxd7 Kxd7 12. c4 Nf6 13. Qb3 Qe7 14. Nf3
Rhb8 15. Ne5+ Nxe5 16. dxe5 Ng4 17. cxd5 Nxe5 18. Qb5+ c6 19. dxc6+ Nxc6 20.
Rd1 Ke8 21. Be4 Rc8 22. O-O Kf8 23. Rd2 Rd8 24. Rfd1 Qc7 25. Qc5+ Ke8 26. Rxd8+
Rxd8 27. Rxd8+ Qxd8 28. Bxc6+ bxc6 29. Qxc6+ Kf8 30. Qc5+ Qe7 31. Qxe7+ Kxe7
32. Kf1 Kd6 33. Ke2 Kc5 34. b3 a5 35. Kd3 f5 36. b4+ axb4 37. axb4+ Kxb4 38.
Kd4 Kb3 39. Ke5 Kc3 40. Kxe6 1-0

[Event "Sparkassen-Open A"]
[Site "Heusenstamm, Martinsee"]
[Date "2017.11.25"]
[Round "5.108"]
[White "Kilthau, Peter"]
[Black "Deuer, Marius"]
[Result "0-1"]
[WhiteElo "1826"]
[BlackElo "1754"]
[PlyCount "40"]
[EventDate "2017.??.??"]
[WhiteTeam "SK Mannheim"]
[BlackTeam "SC Weiße Dame Ulm"]

1. e4 c5 2. Nf3 Nc6 3. Bc4 g6 4. O-O Bg7 5. c3 d6 6. d4 cxd4 7. cxd4 Qb6 8. Nc3
Nxd4 9. Be3 e5 10. Qa4+ Qc6 11. Nb5 Bd7 12. Rac1 Nxb5 13. Bxf7+ Kxf7 14. Rxc6
Bxc6 15. Qb4 Rd8 16. Rd1 Nf6 17. Ng5+ Ke7 18. a4 Nc7 19. Bxa7 h6 20. Bb6 Na6
0-1